| 000 | 00793nam a22001937a 4500 | ||
|---|---|---|---|
| 999 |
_c60998 _d60998 |
||
| 005 | 20231205122120.0 | ||
| 008 | 231205s2008 ru ||||| |||| 00| 0 rus d | ||
| 041 | _arus | ||
| 080 | _a94(37) П-25 | ||
| 100 |
_aПенроз, Джейн _920584 |
||
| 245 |
_a Рим и его враги : _bКарфагеняне, греки и варвары / _cДжейн Пенроз; Пер. с англ. О. Шемелевой. |
||
| 264 |
_aМосква: _bЭксмо, _c2008. |
||
| 300 |
_a295 с.: _bил.; _c27 см. |
||
| 653 | _aრომი | ||
| 653 | _aისტორია | ||
| 653 | _aკართაგენელები, ბერძნები და ბარბაროსები | ||
| 700 |
_aШемелева, О. _eმთარგმნელი _920585 |
||
| 942 |
_2udc _cBK |
||